Việt sử giai thoại

Viết về 40 giai thoại lịch sử Việt Nam từ thời Hùng Vương đến hết thế kỷ 10: Cuộc kỳ ngộ giữa Lạc Long Quân và Âu cơ, Sự tích Thánh Tản Viên, Huyền thoại về Loa Thành, vv

Tallennettuna:
Bibliografiset tiedot
Päätekijä: Nguyễn, Khắc Thuần
Aineistotyyppi: Kirja
Kieli:Undetermined
Julkaistu: Hà Nội Giáo dục 2014
Tagit: Lisää tagi
Ei tageja, Lisää ensimmäinen tagi!
Thư viện lưu trữ: Trung tâm Học liệu Trường Đại học Cần Thơ
LEADER 00781nam a2200193Ia 4500
001 CTU_196910
008 210402s9999 xx 000 0 und d
020 |c 35000 
082 |a 959.7 
082 |b Th502/T.1 
100 |a Nguyễn, Khắc Thuần 
245 0 |a Việt sử giai thoại 
245 0 |c Nguyễn Khắc Thuần 
260 |a Hà Nội 
260 |b Giáo dục 
260 |c 2014 
520 |a Viết về 40 giai thoại lịch sử Việt Nam từ thời Hùng Vương đến hết thế kỷ 10: Cuộc kỳ ngộ giữa Lạc Long Quân và Âu cơ, Sự tích Thánh Tản Viên, Huyền thoại về Loa Thành, vv 
904 |i Nguyên 
980 |a Trung tâm Học liệu Trường Đại học Cần Thơ